MTCP 1992 [ Sight Seeing :

Bibliographic Details
Corporate Author: Institut Penilaian Negara
Format: Book
Published: Bangi : Institut Penilaian Negara , 1992
Subjects:

MARC

LEADER 00000cam a2200000 7i4500
001 0000022363
005 20090711.0
008 090711 my v
040 |a INS 
090 0 0 |a VCD 1580 
245 1 0 |a MTCP 1992 [  |h video disc] :   |b Sight Seeing :   |b 1 November 1992 
260 |a Bangi :   |b Institut Penilaian Negara ,   |c 1992 
300 |a 1 videodisc (3 hours 1 min.) :   |b sd.m col. ;   |c 4 3/4 in. 
500 |a Also available in format VHS 532 
650 0 0 |a Travel 
710 1 |a Institut Penilaian Negara 
999 |a VCD0001580   |b DIGITAL VIDEO CD   |c Media Collection   |e Default branch